[Event "Deutsche Ländermeisterschaft 2018"]
[Site "Würzburg GER"]
[Date "2018.10.07"]
[Round "7"]
[White "Goldbeck, Lars"]
[Black "Keyser, Robin"]
[Result "1/2-1/2"]
[Termination "normal"]
[Board "7.3"]
[WhiteElo "2184"]
[BlackElo "1999"]
[WhiteClock "00:23:24"]
[BlackClock "00:49:33"]
[WhiteTeam "Bayern 1"]
[BlackTeam "Hamburg"]
[PlyCount "111"]
[WhiteFideId "16208188"]
[BlackFideId "12986429"]
[EventCountry "GER"]
[EventRounds "7"]
[EventType "team-swiss"]
[EventDate "2018.10.02"]

1. d4 {[%clk 1:30:58]} Nf6 {[%clk 1:30:53]} 2. Nf3 {[%clk 1:31:15]} d5 {[%clk
1:31:00]} 3. c4 {[%clk 1:30:36]} c6 {[%clk 1:31:12]} 4. e3 {[%clk 1:30:59]} Bg4
{[%clk 1:31:11]} 5. h3 {[%clk 1:31:23]} Bh5 {[%clk 1:31:24]} 6. g4 {[%clk
1:31:03]} Bg6 {[%clk 1:31:45]} 7. Ne5 {[%clk 1:31:29]} Nbd7 {[%clk 1:30:39]} 8.
Nxg6 {[%clk 1:31:02]} hxg6 {[%clk 1:30:49]} 9. Nd2 {[%clk 1:29:36]} e6 {[%clk
1:29:58]} 10. Bg2 {[%clk 1:26:40]} Be7 {[%clk 1:25:18]} 11. g5 {[%clk 1:23:27]}
Ne4 {[%clk 1:25:12]} 12. Nxe4 {[%clk 1:19:05]} dxe4 {[%clk 1:25:36]} 13. h4
{[%clk 1:18:01]} Qa5+ {[%clk 1:23:05]} 14. Bd2 {[%clk 1:17:53]} Qf5 {[%clk
1:23:12]} 15. Qc2 {[%clk 1:15:38]} O-O-O {[%clk 1:19:33]} 16. Qxe4 {[%clk
1:13:34]} Qxe4 {[%clk 1:17:47]} 17. Bxe4 {[%clk 1:14:03]} Rh7 {[%clk 1:18:09]}
18. Ke2 {[%clk 1:06:49]} Rdh8 {[%clk 1:17:10]} 19. f4 {[%clk 1:05:33]} Rxh4
{[%clk 1:17:15]} 20. Rxh4 {[%clk 1:05:33]} Rxh4 {[%clk 1:17:39]} 21. Rh1 {[%clk
1:06:01]} Rxh1 {[%clk 1:15:47]} 22. Bxh1 {[%clk 1:06:29]} f6 {[%clk 1:02:20]}
23. e4 {[%clk 0:58:20]} e5 {[%clk 1:02:05]} 24. fxe5 {[%clk 0:56:39]} fxe5
{[%clk 1:02:23]} 25. d5 {[%clk 0:56:09]} Kc7 {[%clk 1:00:46]} 26. b4 {[%clk
0:52:49]} c5 {[%clk 0:59:45]} 27. a3 {[%clk 0:52:39]} b6 {[%clk 0:59:07]} 28.
Bg2 {[%clk 0:52:42]} Nf8 {[%clk 0:57:57]} 29. Kf3 {[%clk 0:52:34]} Nh7 {[%clk
0:55:09]} 30. Kg4 {[%clk 0:53:03]} Bd8 {[%clk 0:55:24]} 31. Bf3 {[%clk
0:50:53]} Kd6 {[%clk 0:54:40]} 32. Bd1 {[%clk 0:51:06]} Nf8 {[%clk 0:54:00]}
33. Ba4 {[%clk 0:51:10]} Bc7 {[%clk 0:53:16]} 34. Be3 {[%clk 0:45:13]} Bd8
{[%clk 0:52:13]} 35. Bb5 {[%clk 0:43:40]} a5 {[%clk 0:51:28]} 36. bxc5+ {[%clk
0:42:54]} bxc5 {[%clk 0:51:52]} 37. Be8 {[%clk 0:43:15]} Ke7 {[%clk 0:52:05]}
38. Bc6 {[%clk 0:42:59]} Kd6 {[%clk 0:52:22]} 39. Kh4 {[%clk 0:42:57]} Bb6
{[%clk 0:52:13]} 40. Kh3 {[%clk 0:43:05]} Bc7 {[%clk 0:51:43]} 41. Kg4 {[%clk
0:43:21]} Bb6 {[%clk 0:51:35]} 42. Bb5 {[%clk 0:40:41]} Bd8 {[%clk 0:50:16]}
43. Ba6 {[%clk 0:37:45]} Bb6 {[%clk 0:49:57]} 44. Bb5 {[%clk 0:37:37]} Bd8
{[%clk 0:50:20]} 45. Bc6 {[%clk 0:37:53]} Bb6 {[%clk 0:49:56]} 46. Bd2 {[%clk
0:34:46]} Bd8 {[%clk 0:50:11]} 47. Kg3 {[%clk 0:34:40]} Nh7 {[%clk 0:48:53]}
48. Be8 {[%clk 0:32:40]} Nf8 {[%clk 0:49:07]} 49. Bf7 {[%clk 0:32:49]} Ke7
{[%clk 0:49:28]} 50. Bg8 {[%clk 0:33:13]} a4 {[%clk 0:49:17]} 51. Kf3 {[%clk
0:32:49]} Kd6 {[%clk 0:49:09]} 52. Ke2 {[%clk 0:28:01]} Bb6 {[%clk 0:48:59]}
53. Kd3 {[%clk 0:28:15]} Ke7 {[%clk 0:49:09]} 54. Ke3 {[%clk 0:25:17]} Kd6
{[%clk 0:49:25]} 55. Kf3 {[%clk 0:25:46]} Ke7 {[%clk 0:49:33]} 56. Ke3 {[%clk
0:23:24]} 1/2-1/2

[Event "Deutsche Ländermeisterschaft 2018"]
[Site "Würzburg GER"]
[Date "2018.10.07"]
[Round "7"]
[White "Burian, Simon"]
[Black "Fromm, Marius"]
[Result "1/2-1/2"]
[Termination "normal"]
[Board "8.2"]
[WhiteElo "2091"]
[BlackElo "2022"]
[WhiteClock "00:22:26"]
[BlackClock "00:23:01"]
[WhiteTeam "Sachsen 2"]
[BlackTeam "Mecklenburg-Vorpommern"]
[PlyCount "68"]
[WhiteFideId "12956902"]
[BlackFideId "12993190"]
[EventCountry "GER"]
[EventRounds "7"]
[EventType "team-swiss"]
[EventDate "2018.10.02"]

1. e4 {[%clk 1:30:53]} e5 {[%clk 1:30:46]} 2. Nf3 {[%clk 1:31:05]} Nc6 {[%clk
1:31:10]} 3. Bc4 {[%clk 1:31:06]} Bc5 {[%clk 1:31:35]} 4. b4 {[%clk 1:31:12]}
Bxb4 {[%clk 1:19:40]} 5. c3 {[%clk 1:26:33]} Be7 {[%clk 1:19:38]} 6. d4 {[%clk
1:25:57]} Na5 {[%clk 1:19:33]} 7. Nxe5 {[%clk 1:24:08]} Nxc4 {[%clk 1:19:58]}
8. Nxc4 {[%clk 1:24:34]} d5 {[%clk 1:20:09]} 9. exd5 {[%clk 1:23:11]} Qxd5
{[%clk 1:20:24]} 10. Ne3 {[%clk 1:23:37]} Qd8 {[%clk 1:17:34]} 11. O-O {[%clk
1:21:25]} Nf6 {[%clk 1:17:42]} 12. c4 {[%clk 1:17:46]} O-O {[%clk 1:15:05]} 13.
Nc3 {[%clk 1:14:18]} c6 {[%clk 1:12:42]} 14. a4 {[%clk 1:09:01]} Qa5 {[%clk
1:00:19]} 15. Bb2 {[%clk 1:05:54]} Rd8 {[%clk 0:55:35]} 16. Qf3 {[%clk
0:58:41]} Be6 {[%clk 0:51:17]} 17. Rfd1 {[%clk 0:52:49]} Bb4 {[%clk 0:48:36]}
18. Ne2 {[%clk 0:50:26]} Qh5 {[%clk 0:48:16]} 19. Qxh5 {[%clk 0:50:16]} Nxh5
{[%clk 0:48:39]} 20. h3 {[%clk 0:47:38]} Be7 {[%clk 0:41:48]} 21. d5 {[%clk
0:43:23]} cxd5 {[%clk 0:41:49]} 22. cxd5 {[%clk 0:43:45]} Bd7 {[%clk 0:42:08]}
23. g4 {[%clk 0:42:52]} Bf6 {[%clk 0:41:23]} 24. Rdb1 {[%clk 0:37:30]} Bxb2
{[%clk 0:40:15]} 25. Rxb2 {[%clk 0:37:55]} Nf6 {[%clk 0:40:39]} 26. Rxb7 {[%clk
0:37:05]} Bc8 {[%clk 0:36:40]} 27. Rc7 {[%clk 0:34:54]} Nxd5 {[%clk 0:32:50]}
28. Rd1 {[%clk 0:34:49]} Be6 {[%clk 0:31:16]} 29. Nxd5 {[%clk 0:35:07]} Rxd5
{[%clk 0:30:57]} 30. Rxd5 {[%clk 0:35:31]} Bxd5 {[%clk 0:31:22]} 31. Nc3 {[%clk
0:34:37]} Be6 {[%clk 0:30:23]} 32. f4 {[%clk 0:27:43]} Rc8 {[%clk 0:26:47]} 33.
Rxc8+ {[%clk 0:22:19]} Bxc8 {[%clk 0:27:04]} 34. Kf2 {[%clk 0:22:26]} h5 {[%clk
0:23:01]} 1/2-1/2

[Event "Deutsche Ländermeisterschaft 2018"]
[Site "Würzburg GER"]
[Date "2018.10.07"]
[Round "7"]
[White "Lagunow, Raphael"]
[Black "Zimmer, Luca"]
[Result "1-0"]
[Termination "normal"]
[Board "9.1"]
[WhiteTitle "FM"]
[WhiteElo "2403"]
[BlackElo "1645"]
[WhiteTeam "Berlin"]
[BlackTeam "Saarland"]
[PlyCount "63"]
[WhiteFideId "24652644"]
[BlackFideId "12921424"]
[EventCountry "GER"]
[EventRounds "7"]
[EventType "team-swiss"]
[EventDate "2018.10.02"]

1.Nf3 e6 2.Rg1 d5 3.b3 Nf6 4.Bb2 Nbd7 5.g4 h6 6.e3 a6 7.c4 c6 8.h4 Qc7 9.Nc3
Nb6 10.Rc1 Qe7 11.d4 Bd7 12.c5 Nc8 13.Bd3 Qd8 14.g5 Ng8 15.Ne5 Nge7 16.Qh5 g6
17.Bxg6 Nxg6 18.Nxg6 Rg8 19.Nxf8 Rxf8 20.Qxh6 Ne7 21.Na4 Ng6 22.Nb6 Rb8 23.h5
Rh8 24.hxg6 Rxh6 25.gxh6 fxg6 26.Rxg6 Kf7 27.Rg7+ Kf6 28.Nxd7+ Kf5 29.Nxb8 Qxb8
30.Ke2 Qh2 31.Rcg1 Qxh6 32.Rf7+ 1-0

[Event "Deutsche Ländermeisterschaft 2018"]
[Site "Würzburg GER"]
[Date "2018.10.07"]
[Round "7"]
[White "Zha, Kevin"]
[Black "Nöldner, Julian"]
[Result "0-1"]
[Termination "normal"]
[Board "9.2"]
[WhiteElo "1570"]
[BlackElo "2024"]
[WhiteTeam "Saarland"]
[BlackTeam "Berlin"]
[PlyCount "120"]
[WhiteFideId "16208951"]
[BlackFideId "16218744"]
[EventCountry "GER"]
[EventRounds "7"]
[EventType "team-swiss"]
[EventDate "2018.10.02"]

1.e4 e6 2.d4 d5 3.Nd2 c5 4.exd5 Qxd5 5.Ngf3 cxd4 6.Bc4 Qd6 7.O-O Nf6 8.Nb3 Nc6
9.Nbxd4 Nxd4 10.Nxd4 a6 11.Re1 Qc7 12.Qe2 h6 13.c3 Bd6 14.Nf5 Bxh2+ 15.Kh1 Bf4
16.Qf3 Qxc4 17.Bxf4 O-O 18.b3 Qb5 19.Re5 exf5 20.Rxb5 axb5 21.Kg1 Re8 22.Be3
Ne4 23.Bd4 Be6 24.a3 f6 25.g4 Nd2 26.Qd1 Nxb3 27.Rb1 Nxd4 28.Qxd4 Ra4 29.Rb4
Rxa3 30.gxf5 Bxf5 31.Qd5+ Be6 32.Qxb5 Ra1+ 33.Rb1 Rxb1+ 34.Qxb1 Bd5 35.Qd1 Bc6
36.Qb3+ Kh7 37.Kf1 h5 38.Qc2+ Be4 39.Qd2 Re5 40.Qd4 Bc6 41.Qf4 Re4 42.Qf5+ Kh6
43.f3 Re5 44.Qf4+ Kg6 45.Kf2 Rf5 46.Qg3+ Kh6 47.f4 g5 48.Qd3 Rxf4+ 49.Kg1 Rg4+
50.Kf2 h4 51.Qd8 Rf4+ 52.Kg1 Kh5 53.Qe7 Kg4 54.Qe6+ Kg3 55.Qe1+ Kh3 56.Qe6+ g4
57.Qe2 g3 58.c4 Rf2 59.Qe6+ f5 60.c5 Bb5 0-1

[Event "Deutsche Ländermeisterschaft 2018"]
[Site "Würzburg GER"]
[Date "2018.10.07"]
[Round "7"]
[White "Hommel, Niclas"]
[Black "Jeschke, Jan"]
[Result "1-0"]
[Termination "normal"]
[Board "9.3"]
[WhiteElo "1915"]
[BlackElo "1479"]
[WhiteTeam "Berlin"]
[BlackTeam "Saarland"]
[PlyCount "87"]
[WhiteFideId "12974927"]
[BlackFideId "16225430"]
[EventCountry "GER"]
[EventRounds "7"]
[EventType "team-swiss"]
[EventDate "2018.10.02"]

1.e4 e6 2.d4 d5 3.Nd2 Nf6 4.e5 Nfd7 5.c3 c5 6.Bd3 Nc6 7.Ne2 cxd4 8.cxd4 f6
9.exf6 Nxf6 10.O-O Bd6 11.Nf3 Qc7 12.Nc3 a6 13.Bd2 O-O 14.Rc1 h6 15.h3 g5
16.Re1 Qg7 17.Na4 Bd7 18.Nc5 Bxc5 19.Rxc5 g4 20.hxg4 Nxg4 21.Be3 Rf6 22.Nh2
Nxf2 23.Bxf2 Rxf2 24.Bh7+ Kxh7 25.Kxf2 Nxd4 26.Rc7 Nf5 27.Kg1 Rg8 28.Qc2 Kh8
29.Nf3 d4 30.Ne5 Qg3 31.Qf2 Bc6 32.Nf7+ Kh7 33.Ng5+ Kg6 34.Qxg3 Nxg3 35.Nxe6 d3
36.Nf4+ Kg5 37.Nxd3 Rd8 38.Rg7+ Kh4 39.Nf2 h5 40.Kh2 Rd2 41.Rxg3 Rxf2 42.Rd1
Rf4 43.Rg7 Bf3 44.g3#   1-0

[Event "Deutsche Ländermeisterschaft 2018"]
[Site "Würzburg GER"]
[Date "2018.10.07"]
[Round "7"]
[White "Chassard, Cedric"]
[Black "Wiesner, Paula"]
[Result "1/2-1/2"]
[Termination "normal"]
[Board "9.4"]
[WhiteElo "1786"]
[BlackElo "1969"]
[WhiteTeam "Saarland"]
[BlackTeam "Berlin"]
[PlyCount "60"]
[WhiteFideId "16243536"]
[BlackFideId "24654019"]
[EventCountry "GER"]
[EventRounds "7"]
[EventType "team-swiss"]
[EventDate "2018.10.02"]

1.e4 e6 2.d4 d5 3.exd5 exd5 4.Bd3 c5 5.Nf3 c4 6.Be2 Nf6 7.O-O Bd6 8.Re1 O-O
9.b3 Qc7 10.bxc4 dxc4 11.c3 b5 12.Ba3 Bxa3 13.Nxa3 Qa5 14.Nb1 Nbd7 15.Qc2 Nd5
16.Ng5 N7f6 17.Bf3 Bb7 18.Bxd5 Bxd5 19.Nd2 Rfe8 20.Re5 h6 21.Ngf3 Rxe5 22.Nxe5
Re8 23.a3 Ba8 24.a4 Nd5 25.Qf5 f6 26.Qd7 Rd8 27.Qe6+ Kh7 28.Qf5+ Kg8 29.Qe6+
Kh7 30.Qf5+ Kg8 1/2-1/2

[Event "Deutsche Ländermeisterschaft 2018"]
[Site "Würzburg GER"]
[Date "2018.10.07"]
[Round "7"]
[White "Schnabel, Luise"]
[Black "Müller, Maximilian"]
[Result "1-0"]
[Termination "normal"]
[Board "9.5"]
[WhiteElo "1753"]
[BlackElo "1547"]
[WhiteTeam "Berlin"]
[BlackTeam "Saarland"]
[PlyCount "105"]
[WhiteFideId "12943347"]
[BlackFideId "16243552"]
[EventCountry "GER"]
[EventRounds "7"]
[EventType "team-swiss"]
[EventDate "2018.10.02"]

1.e4 e6 2.b3 d5 3.Bb2 Nf6 4.e5 Nfd7 5.f4 c5 6.Qg4 g6 7.Nf3 Bg7 8.Nc3 a6 9.Be2
Nc6 10.O-O b5 11.Kh1 Bb7 12.Bd1 Ne7 13.Ne2 Nf5 14.Ng3 Nxg3+ 15.Qxg3 Nb6 16.Nh4
Bf8 17.Qf2 Be7 18.Nf3 Rc8 19.Re1 Qd7 20.Ng1 Qc6 21.Bf3 Qc7 22.Ne2 h5 23.h4 Qd8
24.g3 Qc7 25.Kh2 Rd8 26.f5 d4 27.fxe6 fxe6 28.Nf4 Qc8 29.Bxb7 Qxb7 30.Nxe6 Rd7
31.Rf1 Rh7 32.Nf8 Rg7 33.Nxd7 Qxd7 34.Rae1 Qe6 35.d3 Nd5 36.Bc1 Rf7 37.Qxf7+
Qxf7 38.Rxf7 Kxf7 39.Kg2 Nc3 40.a3 a5 41.Kf3 Ke6 42.Bd2 Nd5 43.Bxa5 b4 44.axb4
cxb4 45.Re4 Bc5 46.Bd8 Kd7 47.e6+ Kxd8 48.Re5 Nc7 49.Rxc5 Nxe6 50.Rc4 g5
51.hxg5 Nxg5+ 52.Kf4 Nh3+ 53.Kf5   1-0

[Event "Deutsche Ländermeisterschaft 2018"]
[Site "Würzburg GER"]
[Date "2018.10.07"]
[Round "7"]
[White "Fuchs, Emily"]
[Black "Fock, Amina"]
[Result "0-1"]
[Termination "normal"]
[Board "9.6"]
[WhiteElo "1335"]
[BlackElo "1816"]
[WhiteTeam "Saarland"]
[BlackTeam "Berlin"]
[PlyCount "84"]
[WhiteFideId "16208986"]
[BlackFideId "12981982"]
[EventCountry "GER"]
[EventRounds "7"]
[EventType "team-swiss"]
[EventDate "2018.10.02"]

1.e4 c5 2.d4 cxd4 3.c3 dxc3 4.Nxc3 Nc6 5.Nf3 d6 6.Bc4 e6 7.O-O Nf6 8.Qe2 Be7
9.Rd1 e5 10.Bg5 a6 11.Rd2 O-O 12.Rad1 Bg4 13.Bxf6 Bxf6 14.Qd3 Nd4 15.Re1 Bxf3
16.gxf3 Bg5 17.Rdd1 Bf4 18.Nd5 Qh4 19.Nxf4 Qxf4 20.Kg2 Rac8 21.Rc1 b5 22.Qe3
bxc4 23.Qxf4 exf4 24.Red1 Ne6 25.Rxd6 Rfd8 26.Rxa6 Rd2 27.Rb6 Kf8 28.a4 Ke7
29.a5 Rd6 30.Rxd6 Kxd6 31.b4 Nd8 32.Kh3 Rc6 33.Kg4 Ne6 34.h4 Kc7 35.Rb1 Kb7
36.Kf5 c3 37.Ke5 c2 38.Rc1 Ka6 39.Kd5 Rc7 40.Kd6 Kb5 41.e5 Kxb4 42.a6 Kb3   0-1

[Event "Deutsche Ländermeisterschaft 2018"]
[Site "Würzburg GER"]
[Date "2018.10.07"]
[Round "7"]
[White "Klühs, Gustaf"]
[Black "Huppert, Anna"]
[Result "1-0"]
[Termination "normal"]
[Board "9.7"]
[WhiteElo "1775"]
[BlackElo "1498"]
[WhiteTeam "Berlin"]
[BlackTeam "Saarland"]
[PlyCount "105"]
[WhiteFideId "16228936"]
[BlackFideId "16214439"]
[EventCountry "GER"]
[EventRounds "7"]
[EventType "team-swiss"]
[EventDate "2018.10.02"]

1.d4 e6 2.Nf3 Nf6 3.c4 Bb4+ 4.Bd2 Bxd2+ 5.Nbxd2 d5 6.g3 Nc6 7.Bg2 O-O 8.O-O Bd7
9.Qc2 Ng4 10.h3 Nh6 11.e4 dxe4 12.Nxe4 Nf5 13.Rad1 Qe7 14.g4 Nh4 15.Nxh4 Qxh4
16.Ng3 f5 17.d5 Ne7 18.dxe6 Bxe6 19.Rfe1 Bc8 20.Qe2 Ng6 21.gxf5 Nf4 22.Qg4 Nxg2
23.Kxg2 Qxg4 24.hxg4 b6 25.f3 Ba6 26.b3 Rad8 27.Ne4 Rxd1 28.Rxd1 h6 29.Rd7 Rf7
30.Rxf7 Kxf7 31.Kg3 Bc8 32.Kf4 Bb7 33.Nc3 a6 34.Nd5 Bxd5 35.cxd5 Kf8 36.Ke5 Ke7
37.b4 a5 38.bxa5 bxa5 39.f4 a4 40.a3 Kf7 41.d6 cxd6+ 42.Kxd6 Kf6 43.Kc5 h5
44.gxh5 Kxf5 45.Kb4 Kxf4 46.Kxa4 Kg5 47.Kb5 Kxh5 48.a4 g5 49.a5 g4 50.a6 g3
51.a7 g2 52.a8=Q g1=Q 53.Qh8+   1-0

[Event "Deutsche Ländermeisterschaft 2018"]
[Site "Würzburg GER"]
[Date "2018.10.07"]
[Round "7"]
[White "Alhassan, Jodi"]
[Black "Praus, Pia-Rosa"]
[Result "0-1"]
[Termination "normal"]
[Board "9.8"]
[WhiteElo "1094"]
[BlackElo "1150"]
[WhiteTeam "Saarland"]
[BlackTeam "Berlin"]
[PlyCount "76"]
[WhiteFideId "16250460"]
[BlackFideId "16271815"]
[EventCountry "GER"]
[EventRounds "7"]
[EventType "team-swiss"]
[EventDate "2018.10.02"]

1.e4 d6 2.d4 Nf6 3.Nc3 g6 4.Nf3 Bg7 5.Bg5 O-O 6.Bc4 Nbd7 7.Qd2 c5 8.d5 Nb6 9.b3
Nxe4 10.Nxe4 Bxa1 11.c3 Nxc4 12.bxc4 Qb6 13.Qd1 f6 14.Bh6 Bxc3+ 15.Nxc3 Re8
16.O-O Bf5 17.Re1 Qb2 18.Qc1 Qxc1 19.Rxc1 Bd3 20.Nb5 Rac8 21.Nxa7 Ra8 22.Nb5
Rxa2 23.Nc7 Rc8 24.Ne6 Rca8 25.h3 Ra1 26.Rxa1 Rxa1+ 27.Kh2 Bxc4 28.Nc7 b5
29.Nd2 Rd1 30.Nxc4 bxc4 31.Nb5 Rxd5 32.g3 Rd3 33.Kg2 Rb3 34.Nc7 c3 35.Nd5 c2
36.Be3 Rxe3 37.fxe3 c1=Q 38.Nxe7+ Kf7   0-1

[Event "Deutsche Ländermeisterschaft 2018"]
[Site "Würzburg GER"]
[Date "2018.10.07"]
[Round "7"]
[White "Silber, Kevin"]
[Black "Wendler, David"]
[Result "0-1"]
[Termination "normal"]
[Board "10.1"]
[WhiteElo "2205"]
[BlackElo "2156"]
[WhiteTeam "SG Bremen / Niedersachsen"]
[BlackTeam "Württemberg 2"]
[PlyCount "84"]
[WhiteFideId "12930440"]
[BlackFideId "12938360"]
[EventCountry "GER"]
[EventRounds "7"]
[EventType "team-swiss"]
[EventDate "2018.10.02"]

1.c4 g6 2.Nf3 Bg7 3.g3 c5 4.Bg2 Nc6 5.Nc3 e5 6.O-O Nge7 7.e4 O-O 8.d3 f5 9.Nd5
d6 10.Bd2 Rb8 11.a4 f4 12.Qc1 g5 13.Nxg5 Nxd5 14.exd5 Nd4 15.Qd1 Qxg5 16.Be4
Bf5 17.Kh1 Bxe4+ 18.dxe4 Qg6 19.gxf4 exf4 20.f3 Qh5 21.Rf2 Rf6 22.b4 b6 23.a5
b5 24.bxc5 dxc5 25.Rb1 b4 26.Bxb4 Rxb4 27.Rxb4 cxb4 28.Qxd4 Rf7 29.Qd3 Qe5
30.c5 Qd4 31.Qxd4 Bxd4 32.Rg2+ Rg7 33.c6 Rxg2 34.Kxg2 Be5 35.Kh3 b3 36.Kg4 b2
37.Kf5 Bc7 38.e5 b1=Q+ 39.Kxf4 Qc1+ 40.Kf5 Qh6 41.Ke4 Qg6+ 42.Kf4 Qf6+   0-1

[Event "Deutsche Ländermeisterschaft 2018"]
[Site "Würzburg GER"]
[Date "2018.10.07"]
[Round "7"]
[White "Jakob, Georg"]
[Black "Steffens, Oliver"]
[Result "1-0"]
[Termination "normal"]
[Board "10.2"]
[WhiteElo "1959"]
[BlackElo "1960"]
[WhiteTeam "Württemberg 2"]
[BlackTeam "SG Bremen / Niedersachsen"]
[PlyCount "123"]
[WhiteFideId "16224221"]
[BlackFideId "12947148"]
[EventCountry "GER"]
[EventRounds "7"]
[EventType "team-swiss"]
[EventDate "2018.10.02"]

1.e4 c5 2.Nf3 Nf6 3.Nc3 d6 4.d4 cxd4 5.Nxd4 g6 6.Be3 Bg7 7.f3 O-O 8.Qd2 Qa5
9.Nb3 Qc7 10.g4 a6 11.g5 Nfd7 12.Nd5 Qd8 13.Bd4 Bxd4 14.Nxd4 Nc6 15.h4 Nde5
16.Be2 Be6 17.O-O-O Rc8 18.h5 Bxd5 19.exd5 Nxd4 20.Qxd4 Qc7 21.c3 Qc5 22.Qh4
Qe3+ 23.Rd2 Rc4 24.Bxc4 Nxf3 25.Qf2 Qxd2+ 26.Qxd2 Nxd2 27.Kxd2 Rc8 28.Bb3 Rc5
29.hxg6 hxg6 30.Re1 Kf8 31.Re4 b5 32.Ke3 Rc8 33.c4 b4 34.Kd4 Rc5 35.Re3 Ra5
36.Re1 Ke8 37.Rc1 e5+ 38.Ke4 Rc5 39.Rh1 Ke7 40.Rh8 a5 41.Ra8 f5+ 42.gxf6+ Kxf6
43.Ra6 Ke7 44.Rc6 Rxc6 45.dxc6 Kd8 46.Kd5 Kc7 47.Bd1 e4 48.Kxe4 Kxc6 49.Kd4 g5
50.Bf3+ Kd7 51.Kd5 Kc7 52.b3 Kd7 53.Bg4+ Kc7 54.Bf5 Kb6 55.Kxd6 a4 56.c5+ Kb5
57.c6 g4 58.Bxg4 a3 59.c7 Kb6 60.c8=Q Ka7 61.Qc7+ Ka8 62.Bf3#   1-0

[Event "Deutsche Ländermeisterschaft 2018"]
[Site "Würzburg GER"]
[Date "2018.10.07"]
[Round "7"]
[White "Evering, Sören"]
[Black "Brunner, Jan"]
[Result "1/2-1/2"]
[Termination "normal"]
[Board "10.3"]
[WhiteElo "1793"]
[BlackElo "1940"]
[WhiteTeam "SG Bremen / Niedersachsen"]
[BlackTeam "Württemberg 2"]
[PlyCount "84"]
[WhiteFideId "12974650"]
[BlackFideId "12981010"]
[EventCountry "GER"]
[EventRounds "7"]
[EventType "team-swiss"]
[EventDate "2018.10.02"]

1.e4 c5 2.Nc3 Nc6 3.Nge2 d6 4.d4 cxd4 5.Nxd4 Nf6 6.Bg5 e6 7.Qd2 Be7 8.O-O-O
Nxd4 9.Qxd4 O-O 10.h4 a6 11.f4 Qa5 12.Kb1 b5 13.e5 dxe5 14.fxe5 Rd8 15.Qf2
Rxd1+ 16.Nxd1 Ne4 17.Qe3 Bxg5 18.Qxe4 Qd2 19.a3 Qxd1+ 20.Ka2 Qd5+ 21.Qxd5 exd5
22.hxg5 Bf5 23.Bd3 Bxd3 24.cxd3 Rc8 25.Kb1 Rc6 26.Rc1 Rxc1+ 27.Kxc1 f6 28.gxf6
gxf6 29.exf6 Kf7 30.Kd2 Kxf6 31.Ke3 Ke5 32.d4+ Kf5 33.Kf3 h5 34.g3 a5 35.b3 Kg5
36.Kf2 Kg4 37.Kg2 h4 38.gxh4 Kxh4 39.Kf3 Kg5 40.Kg3 Kf5 41.Kf3 b4 42.a4 Kg5  
1/2-1/2

[Event "Deutsche Ländermeisterschaft 2018"]
[Site "Würzburg GER"]
[Date "2018.10.07"]
[Round "7"]
[White "Schallner, Marc"]
[Black "Mönster, Madita"]
[Result "1/2-1/2"]
[Termination "normal"]
[Board "10.4"]
[WhiteElo "1931"]
[BlackElo "1857"]
[WhiteTeam "Württemberg 2"]
[BlackTeam "SG Bremen / Niedersachsen"]
[PlyCount "45"]
[WhiteFideId "12971243"]
[BlackFideId "12947156"]
[EventCountry "GER"]
[EventRounds "7"]
[EventType "team-swiss"]
[EventDate "2018.10.02"]

1.e4 c5 2.Nf3 d6 3.d4 cxd4 4.Nxd4 Nf6 5.Nc3 a6 6.Be2 e5 7.Nb3 Be7 8.O-O O-O
9.Re1 Be6 10.Bf3 Nbd7 11.a4 b6 12.Nd2 Qc7 13.Nf1 Rfc8 14.Ne3 Qc5 15.Re2 b5
16.Ncd5 Bxd5 17.exd5 g6 18.Nf1 Nb6 19.Be3 Qc7 20.b3 Nbd7 21.g3 Nc5 22.Bxc5 Qxc5
23.Ne3   1/2-1/2

[Event "Deutsche Ländermeisterschaft 2018"]
[Site "Würzburg GER"]
[Date "2018.10.07"]
[Round "7"]
[White "Zell, Hannah"]
[Black "Abele, Anais"]
[Result "0-1"]
[Termination "normal"]
[Board "10.6"]
[WhiteElo "1469"]
[BlackElo "1679"]
[WhiteTeam "Württemberg 2"]
[BlackTeam "SG Bremen / Niedersachsen"]
[PlyCount "126"]
[WhiteFideId "16208900"]
[BlackFideId "16208927"]
[EventCountry "GER"]
[EventRounds "7"]
[EventType "team-swiss"]
[EventDate "2018.10.02"]

1.e4 c5 2.Nf3 d6 3.Bb5+ Bd7 4.Bxd7+ Nxd7 5.c4 Ngf6 6.Nc3 g6 7.d4 cxd4 8.Nxd4
Bg7 9.O-O O-O 10.Be3 a6 11.f3 Rc8 12.Rc1 Rxc4 13.Nce2 Rxc1 14.Qxc1 Qc8 15.Qd2
Ne5 16.Rc1 Qb8 17.Bf4 Ned7 18.Nb3 Rc8 19.Be3 b5 20.Rxc8+ Qxc8 21.Qc3 Qxc3
22.Nxc3 Ne5 23.Nd4 Nc4 24.Bc1 Nxe4 25.fxe4 Bxd4+ 26.Kf1 Ne3+ 27.Bxe3 Bxe3
28.Nd5 Bg5 29.Nc7 Bf6 30.b3 Be5 31.h3 Kf8 32.Nxa6 e6 33.Nc7 b4 34.Nb5 Ke7 35.a3
bxa3 36.Nxa3 Kd7 37.Ke2 Kc6 38.Kd3 Kc5 39.Nc2 h5 40.Ke3 g5 41.g4 h4 42.Kf3 Bf4
43.Ke2 d5 44.Kd3 e5 45.b4+ Kd6 46.exd5 Kxd5 47.Ne1 e4+ 48.Ke2 Kc4 49.Nc2 Kc3
50.Ne3 Kxb4 51.Nf5 Kc5 52.Kf2 Kc4 53.Ke2 e3 54.Nh6 f6 55.Nf5 Kd5 56.Ng7 Ke5
57.Nf5 Ke4 58.Ne7 Bg3 59.Nf5 Bf2 60.Ng7 Kf4 61.Nf5 Bg1 62.Kf1 e2+ 63.Kxe2 Ba7  
0-1

[Event "Deutsche Ländermeisterschaft 2018"]
[Site "Würzburg GER"]
[Date "2018.10.07"]
[Round "7"]
[White "Weidenhöfer, Max"]
[Black "Wildermuth, Nikolas Karl"]
[Result "1-0"]
[Termination "normal"]
[Board "10.7"]
[WhiteElo "1580"]
[BlackElo "1539"]
[WhiteTeam "SG Bremen / Niedersachsen"]
[BlackTeam "Württemberg 2"]
[PlyCount "137"]
[WhiteFideId "16230566"]
[BlackFideId "16244699"]
[EventCountry "GER"]
[EventRounds "7"]
[EventType "team-swiss"]
[EventDate "2018.10.02"]

1.e4 c5 2.Nf3 a6 3.Nc3 e6 4.d4 cxd4 5.Nxd4 Qc7 6.Bd3 Nf6 7.Qe2 Bb4 8.Bd2 b6
9.O-O Bb7 10.a3 Be7 11.e5 Nd5 12.f4 d6 13.Kh1 g6 14.Nxd5 Bxd5 15.Be4 Bxe4
16.Qxe4 d5 17.Qe2 Nc6 18.c3 O-O 19.g4 Rfc8 20.g5 Nxd4 21.cxd4 Qc4 22.Qf2 Qd3
23.Bc3 a5 24.Rad1 Qe4+ 25.Kg1 b5 26.Rfe1 Qf5 27.Rc1 Qd3 28.Rcd1 Qf5 29.Rc1 Qd3
30.Red1 Qe4 31.Bd2 Rc4 32.Rxc4 dxc4 33.Bc1 Rd8 34.Qe3 Qxe3+ 35.Bxe3 Bc5 36.Kf2
Bb6 37.Kf3 Kf8 38.h4 Rd7 39.Kg4 b4 40.Kf3 Ke8 41.Ke4 Kd8 42.Rc1 Rc7 43.Bd2 b3
44.a4 Kd7 45.Rh1 Ke8 46.h5 Rd7 47.Bc3 Kf8 48.hxg6 fxg6 49.Rd1 Ke7 50.d5 exd5+
51.Rxd5 Rxd5 52.Kxd5 Be3 53.e6 Bxf4 54.Bf6+ Ke8 55.Kxc4 Bd6 56.Kxb3 Bb4 57.Kc4
Be1 58.Bc3 Bh4 59.Bd2 Ke7 60.Kb5 Kxe6 61.Kxa5 Kf5 62.b4 Bxg5 63.Bxg5 Kxg5 64.b5
h5 65.b6 Kf4 66.b7 g5 67.b8=Q+ Kf3 68.Kb4 h4 69.Qh2 1-0

[Event "Deutsche Ländermeisterschaft 2018"]
[Site "Würzburg GER"]
[Date "2018.10.07"]
[Round "7"]
[White "Bako, Evelin"]
[Black "Zöllner, Bente"]
[Result "0-1"]
[Termination "normal"]
[Board "10.8"]
[WhiteElo "1002"]
[BlackElo "1354"]
[WhiteTeam "Württemberg 2"]
[BlackTeam "SG Bremen / Niedersachsen"]
[PlyCount "63"]
[WhiteFideId "16271823"]
[BlackFideId "16230523"]
[EventCountry "GER"]
[EventRounds "7"]
[EventType "team-swiss"]
[EventDate "2018.10.02"]

1.d4 Nf6 2.Nf3 g6 3.e3 Bg7 4.Bd3 O-O 5.O-O d6 6.Nbd2 Nbd7 7.b3 c5 8.Bb2 cxd4
9.exd4 b6 10.c4 Bb7 11.d5 e6 12.dxe6 fxe6 13.Re1 Nc5 14.Bc2 Re8 15.b4 Ncd7
16.Ba4 Re7 17.Nd4 Nf8 18.Bc6 Qc7 19.Ba4 d5 20.cxd5 Bxd5 21.Nb5 Qd8 22.Nc3 a6
23.Nxd5 Nxd5 24.Bxg7 Kxg7 25.Bc2 Nxb4 26.Bb1 Rd7 27.Re2 Rc8 28.Qe1 Rc6 29.Be4
Rcd6 30.Nc4 Rd1 31.a3 Rxa1 32.Qxa1+ {Td1+ 33.Te1 Txa1 34.Txa1 Dd4 35.axb6 Dxa1}
  0-1